Материалы по геологии Дальневосточного края. Вып. 1: Краткий очерк орографии, тектоники, стратиграфии ДВК и связи с ними полезных ископаемых (Запись № 13599151)
[ простой вид ]
| 000 -МАРКЕР | |
|---|---|
| контрольное поле | 02647nam2a2200301 4500 |
| 001 - ИДЕНТИФИКАТОР ЗАПИСИ | |
| контрольное поле | rc\2939239 |
| 005 - ИДЕНТИФИКАТОР ВЕРСИИ | |
| контрольное поле | 20260315055627.0 |
| 035 ## - ДРУГИЕ СИСТЕМНЫЕ НОМЕРА | |
| Идентификатор записи | (NLR Aleph) 007088139 |
| 100 ## - ДАННЫЕ ОБЩЕЙ ОБРАБОТКИ | |
| Данные общей обработки | 20110824d1938 u y0rusy50 ca |
| 101 0# - ЯЗЫК РЕСУРСА | |
| Язык текста, звукозаписи и т.д. | русский |
| 102 ## - СТРАНА ПУБЛИКАЦИИ ИЛИ ПРОИЗВОДСТВА | |
| Страна публикации | Российская Федерация |
| 105 ## - ПОЛЕ КОДИРОВАННЫХ ДАННЫХ: ТЕКСТОВЫЕ МАТЕРИАЛЫ, МОНОГРАФИЧЕСКИЕ | |
| Кодированные данные о монографическом текстовом документе | ab z ||||| |
| 200 1# - ЗАГЛАВИЕ И СВЕДЕНИЯ ОБ ОТВЕТСТВЕННОСТИ | |
| Основное заглавие | Краткий очерк орографии, тектоники, стратиграфии ДВК и связи с ними полезных ископаемых |
| 210 ## - ПУБЛИКАЦИЯ, РАСПРОСТРАНЕНИЕ И ДР. | |
| Дата издания, распространения и т.д. | 1938 |
| 215 ## - ФИЗИЧЕСКАЯ ХАРАКТЕРИСТИКА | |
| Специфическое обозначение материала и объем | 104 с. |
| Другие сведения о физической характеристике | ил., табл., карт. |
| 320 ## - ПРИМЕЧАНИЯ О НАЛИЧИИ В ДОКУМЕНТЕ БИБЛИОГРАФИИ / УКАЗАТЕЛЯ | |
| Текст примечания | Библиогр.: с. 103-104 |
| 423 #0 - ИЗДАЕТСЯ В ОДНОЙ ОБЛОЖКЕ ВМЕСТЕ С ... | |
| Встроенное поле | 2001#$aМатериалы по стратиграфии мезозоя ДВК (Верхний Амур, Тырма, Бурея) |
| -- | 700#1$aШтемпель$bБ.М.$4070 |
| Заглавие | Материалы по стратиграфии мезозоя ДВК (Верхний Амур, Тырма, Бурея) |
| Автор | Штемпель, Б.М. |
| 423 #0 - ИЗДАЕТСЯ В ОДНОЙ ОБЛОЖКЕ ВМЕСТЕ С ... | |
| Встроенное поле | 2001#$aК петрографической характеристике углей Деп-Новоямпольского месторождения |
| -- | 700#1$aМаркова$bЛ.Н.$4070 |
| Заглавие | К петрографической характеристике углей Деп-Новоямпольского месторождения |
| Автор | Маркова, Л.Н. |
| 423 #0 - ИЗДАЕТСЯ В ОДНОЙ ОБЛОЖКЕ ВМЕСТЕ С ... | |
| Встроенное поле | 2001#$aК геологии и петрологии кристаллического комплекса Верхнего Амура |
| -- | 700#1$aБернштейн$bП. С.$cгеолог$f1905-$gПавел Самойлович$3RU\NLR\AUTH\770212853$4070 |
| -- | 701#1$aЛеонтович$bА.А.$4070 |
| Заглавие | К геологии и петрологии кристаллического комплекса Верхнего Амура |
| Автор | Бернштейн, Павел Самойлович (геолог ; 1905-) |
| 461 #0 - УРОВЕНЬ НАБОРА | |
| Встроенное поле | 001rc\2939238 |
| -- | 2001#$aМатериалы по геологии Дальневосточного края$eВып. 1-$fРед. коллегия: Г.П. Воларович, (отв. ред.), М.Н. Ивантишин, А.Т. Суслов, В.П. Тебеньков$gДальневост. филиал. Акад. наук СССР$vВып. 1 |
| Системный номер (АБИС) связанной записи | 6545976 |
| Место публикации | Владивосток |
| Дата публикации | 1938-1939 |
| Первые сведения об ответственности | Ред. коллегия: Г.П. Воларович, (отв. ред.), М.Н. Ивантишин, А.Т. Суслов, В.П. Тебеньков |
| Имя издателя, распространителя и т.д. | Б. и. |
| Сведения, относящиеся к заглавию | Вып. 1- |
| Заглавие | Материалы по геологии Дальневосточного края |
| Номер тома | Вып. 1 |
| 700 #1 - ИМЯ ЛИЦА - ПЕРВИЧНАЯ ОТВЕТСТВЕННОСТЬ | |
| Начальный элемент ввода | Криштофович |
| Часть имени, кроме начального элемента ввода | А.Н. |
| 801 #0 - ИСТОЧНИК ЗАПИСИ | |
| Страна | Российская Федерация |
| Организация | NLR |
| Правила каталогизации | psbo |
| 801 #1 - ИСТОЧНИК ЗАПИСИ | |
| Страна | Российская Федерация |
| Организация | ELAR |
| Источник данных | rusmarc |
| 852 ## - МЕСТОНАХОЖДЕНИЕ И ШИФР ХРАНЕНИЯ | |
| Идентификатор организации | NLR |
| Шифр хранения (Call Number) | 38-19/146 |
| 942 ## - ДОПОЛНИТЕЛЬНЫЕ ЭЛЕМЕНТЫ ЗАПИСИ (АБИС) | |
| Тип экземпляра АБИС | Неопределено |
| 980 ## - КОЛЛЕКЦИЯ | |
| Название коллекции | Национальная библиография |
Нет доступных экземпляров.